| 000 | 01068pam a2200277 i 4500 | ||
|---|---|---|---|
| 001 | 391424 | ||
| 003 | OSt | ||
| 005 | 20240710105954.0 | ||
| 008 | 790221s1979 cau b 000 0 eng | ||
| 010 | _a 79009968 | ||
| 020 | _a0534007082 | ||
| 040 |
_aDLC _cMUST _dDLC |
||
| 043 | _an-us--- | ||
| 082 | _a362 GER 1979 | ||
| 245 | 0 | 0 |
_aGerontology in higher education : _bdeveloping institutional and community strength / _ceditors, Harvey L. Sterns ... [et al.]. |
| 260 |
_aBelmont, Calif. : _bWadsworth Pub. Co., _c1979. |
||
| 300 |
_ax, 293 p. ; _c24 cm. |
||
| 500 | _a"Second in an annual review series by the Association for Gerontology in Higher Education." | ||
| 504 | _a"A selected bibliography of plays with gerontological themes": p. 289-292. | ||
| 504 | _aIncludes bibliographies. | ||
| 650 | 0 |
_aGerontology _xStudy and teaching (Higher) _zUnited States. _918610 |
|
| 700 | 1 |
_aSterns, Harvey. _918611 |
|
| 710 | 2 |
_aAssociation for Gerontology in Higher Education." _918612 |
|
| 906 |
_a7 _bcbc _corignew _d1 _eocip _f19 _gy-gencatlg |
||
| 942 |
_2ddc _cO_SHELF |
||
| 999 |
_c9140 _d9140 |
||